000 00781nam a2200241Ia 4500
003 OSt
005 20220926004952.0
006 a|||||r|||| 00| 0
007 ta
008 220923b |||||||| |||| 00| 0 eng d
020 _a9788132104698
_c382.5
037 _b131/2010-11, 15/12/2010, PIONEER BOOK DISTRIBUTORS
_cGeneral Book
040 _aRTL
_cRTL
_beng
041 _2eng
_aeng
082 _aX:(B), Q0
100 _aHatekar Neeraj R
_9309573
245 0 _aPrinciples of econometrics
_b An introduction (Using R)
260 _a New Delhi
_bSage Publication
_c2010
300 _axxi, 439p
_ccm.
650 _aCommerce
942 _hX:(B), Q0
_cGB
_2CC
999 _c612718
_d612718